000 00489nab a2200145Ia 4500
003 ES-SlBCS
005 20210601124308.0
008 140529s1978 xxu||||| |||| 00| 0 eng d
041 _aeng
100 1 _aTunnell, Donald R.
_9139218
245 0 3 _aAn Analysis of Bowle's and Gintis's Thesis that Schools Reproduce Economic Inequality
_c Donald R. Tunnell
650 0 4 _aEscuela-Economía
_9139314
773 0 _tEducational Theory
_gvol. 28, nº. 4, 1978, págs. 334-342
_wRev1399
942 _cAR
999 _c512469
_d512469